[Event "TUR Cup"]
[Site "Adapazari"]
[Date "2022.03.26"]
[Round "2"]
[White "Yasin, Hur"]
[Black "Akin, Bora Zubeyr"]
[Result "1-0"]
[WhiteElo "1915"]
[BlackElo "1518"]
[PlyCount "97"]
[EventDate "2022.03.25"]
[EventType "swiss"]
[EventRounds "11"]
[EventCountry "TUR"]
[SourceTitle "EXT 2023"]
[Source "ChessBase"]
[SourceDate "2022.10.05"]
[SourceVersion "1"]
[SourceVersionDate "2022.10.05"]
[SourceQuality "1"]

1. d4 d5 2. Nc3 Nf6 3. Bf4 Bf5 4. f3 Bg6 5. g4 e6 6. h4 h5 7. g5 Nfd7 8. Nb5 Bb4+ 9. c3 Ba5 10. b4 a6 11. Na3 Bb6 12. e3 Nc6 13. Bd3 Bxd3 14. Qxd3 e5 15. Bg3 Qe7 16. Ne2 a5 17. bxa5 Rxa5 18. Nc2 0-0 19. 0-0 exd4 20. cxd4 Re8 21. a3 Nd8 22. Nf4 Ne6 23. Nxh5 c5 24. Nf4 cxd4 25. exd4 Ne5 26. Qc3 Ra4 27. Nxd5 Qd6 28. Nxb6 Nxd4 29. Nxd4 Rxd4 30. Rab1 Rd3 31. Qb4 Qe6 32. Kg2 Nxf3 33. Qc4 Qe2+ 34. Rf2 Ne1+ 35. Rxe1 Rxg3+ 36. Kxg3 Qxe1 37. Qxf7+ Kh8 38. Nd5 Qg1+ 39. Kh3 Qh1+ 40. Rh2 Qe1 41. Qf3 Qe6+ 42. Kg3 Rd8 43. Re2 Qxd5 44. Re8+ Rxe8 45. Qxd5 Re3+ 46. Kg4 Rxa3 47. Qxb7 Kh7 48. Qe4+ Kg8 49. g6 1-0

[Event "TUR Cup"]
[Site "Antalya"]
[Date "2020.01.30"]
[Round "8"]
[White "Akin, Bora Zubeyr"]
[Black "Gunebakan, Yunus Emre"]
[Result "1-0"]
[WhiteElo "1476"]
[BlackElo "1402"]
[PlyCount "79"]
[EventDate "2020.01.26"]
[EventType "swiss"]
[EventRounds "11"]
[EventCountry "TUR"]
[SourceTitle "CBM 194 Extra"]
[Source "ChessBase"]
[SourceDate "2020.03.31"]
[SourceVersion "1"]
[SourceVersionDate "2020.03.31"]
[SourceQuality "1"]

1. g3 c5 2. Bg2 g6 3. d4 cxd4 4. Qxd4 Nf6 5. Nc3 Bg7 6. Nf3 Nc6 7. Qa4 0-0 8. Nd4 e5 9. Nxc6 dxc6 10. 0-0 Nd5 11. Nxd5 cxd5 12. c3 Be6 13. Rd1 f5 14. Qb3 Qc7 15. Bxd5 Bxd5 16. Qxd5+ Kh8 17. Be3 Rae8 18. Bxa7 f4 19. Qd7 Qc4 20. Qxb7 fxg3 21. hxg3 Qxe2 22. Rd7 Rg8 23. Be3 Rb8 24. Qa7 Qxb2 25. Bh6 Qxa1+ 26. Kg2 Qxc3 27. Bxg7+ Rxg7 28. Qxb8+ Rg8 29. Qb7 Rg7 30. Rxg7 Qc6+ 31. Qxc6 Kxg7 32. Qe6 Kh6 33. a4 e4 34. a5 e3 35. Qxe3+ Kh5 36. a6 g5 37. a7 h6 38. a8Q Kg6 39. Qae8+ Kg7 40. Q3e7# 1-0

[Event "TUR Cup"]
[Site "Antalya"]
[Date "2020.01.29"]
[Round "6"]
[White "Akin, Bora Zubeyr"]
[Black "Ilbay, Hakki"]
[Result "0-1"]
[WhiteElo "1476"]
[BlackElo "1437"]
[PlyCount "74"]
[EventDate "2020.01.26"]
[EventType "swiss"]
[EventRounds "11"]
[EventCountry "TUR"]
[SourceTitle "CBM 194 Extra"]
[Source "ChessBase"]
[SourceDate "2020.03.31"]
[SourceVersion "1"]
[SourceVersionDate "2020.03.31"]
[SourceQuality "1"]

1. e4 e5 2. Nf3 Nc6 3. d4 exd4 4. Bc4 Nf6 5. Ng5 d5 6. exd5 Na5 7. Qxd4 Nxc4 8. Qxc4 Qxd5 9. Qe2+ Be7 10. 0-0 h6 11. Nc3 Qf5 12. Nf3 Be6 13. Nd4 Qg4 14. Nxe6 Qxe6 15. Qb5+ c6 16. Qxb7 0-0 17. Bxh6 Rfb8 18. Qa6 gxh6 19. Rfe1 Qd7 20. Rad1 Bd6 21. Qd3 Rd8 22. Qf3 Kg7 23. Ne2 Qc7 24. Nd4 Bxh2+ 25. Kh1 Be5 26. Nf5+ Kh7 27. Qh3 Ng8 28. Rd3 Rxd3 29. Qxd3 Kh8 30. g3 Rd8 31. Qe3 Bg7 32. g4 Qd7 33. Kg2 Qd2 34. Qe4 Qg5 35. f3 Nf6 36. Qxc6 Qd2+ 37. Kf1 Qh2 0-1

[Event "TUR Cup"]
[Site "Antalya"]
[Date "2020.01.26"]
[Round "1"]
[White "Ozer, Omer Faruk"]
[Black "Akin, Bora Zubeyr"]
[Result "1-0"]
[WhiteElo "2338"]
[BlackElo "1476"]
[PlyCount "91"]
[EventDate "2020.01.26"]
[EventType "swiss"]
[EventRounds "11"]
[EventCountry "TUR"]
[SourceTitle "CBM 194 Extra"]
[Source "ChessBase"]
[SourceDate "2020.03.31"]
[SourceVersion "1"]
[SourceVersionDate "2020.03.31"]
[SourceQuality "1"]

1. g3 Nf6 2. Bg2 e5 3. e4 Nc6 4. Nc3 Bb4 5. Nge2 0-0 6. 0-0 Re8 7. d3 Nd4 8. h3 Nxe2+ 9. Qxe2 c6 10. Kh2 d5 11. Nd1 Be6 12. c3 Bd6 13. Ne3 Qa5 14. Qc2 Rad8 15. Bf3 Rd7 16. g4 d4 17. Nf5 Bxf5 18. gxf5 dxc3 19. bxc3 Nd5 20. Bd2 Qd8 21. Rg1 Nf4 22. Bxf4 exf4 23. d4 c5 24. e5 Bxe5 25. dxe5 Rd2 26. Qe4 Rxf2+ 27. Rg2 Qg5 28. Rxf2 Qg3+ 29. Kh1 Qxf2 30. e6 fxe6 31. fxe6 Qg3 32. Bg2 Qxc3 33. Rf1 g5 34. Qxb7 Rxe6 35. Qa8+ Kf7 36. Qxa7+ Re7 37. Qb8 Re1 38. Bd5+ Kg7 39. Qg8+ Kh6 40. Qf8+ Kh5 41. Bf7+ Kh4 42. Qh6+ Kg3 43. Qxg5+ Kxh3 44. Qh6+ Kg3 45. Qxf4+ Kh3 46. Be6+ 1-0